| 000 | 00464nam a22001817a 4500 | ||
|---|---|---|---|
| 020 | _a9789390790975 | ||
| 082 |
_aM 305.3 _bRAJ/L |
||
| 245 |
_aLingapadavi padanangal/ _cby Rajesh M R(ed.) |
||
| 250 | _a4th ed. | ||
| 260 |
_aKozhikkode: _bAtma books, _c2023. |
||
| 300 | _a176p. | ||
| 650 | _aMen and masculinities | ||
| 650 | _aGender studies | ||
| 650 | _aPeople by gender or sex | ||
| 650 | _aGroups of people | ||
| 650 | _aSocial science | ||
| 942 | _cBK | ||
| 999 |
_c181896 _d181896 |
||